| 000 | 02438cam a2200349 i 4500 | ||
|---|---|---|---|
| 003 | SA-RiAUC | ||
| 005 | 20241124134820.0 | ||
| 008 | 241123s2009____su f 001 0 ara c | ||
| 024 | 0 | _a00000000276752 | |
| 040 |
_aSA-MaHRM _bara _cSA-RiAUC _dKAC _erda |
||
| 082 | 0 | 4 |
_a254.1 _qSA-RiAUC |
| 090 |
_a254.1 _b ا ب ن ع |
||
| 100 | 1 |
_aابن العماد، أحمد بن عماد بن يوسف، _d750-808 هجري _eمؤلف. |
|
| 245 | 1 | 0 |
_aتوقيف الحكام على غوامض الأحكام / _cتأليف الإمام أحمد بن عماد الأقفهسي الشافعي ؛ دراسة وتحقيق خالد بن زيد بن هذال الجبلي. |
| 250 | _aالطبعة الأولى. | ||
| 264 | 1 |
_aالدمام، السعودية ؛ _aالرياض ؛ _aالأحساء، السعودية ؛ _aجدة، السعودية ؛ _aبيروت ؛ _aالقاهرة، _bدار ابن الجوزي للنشر والتوزيع، _c[2009] |
|
| 300 |
_a782 صفحة ؛ _c24 × 17 سم. |
||
| 336 |
_aنص _btxt _2rdacontent _3كتاب |
||
| 337 |
_aبدون وسيط _bn _2rdamedia |
||
| 338 |
_aمجلد _bnc _2rdacarrier |
||
| 490 | 1 |
_aرسائل جامعية ؛ _v81 |
|
| 500 | _aكشاف : صفحة 726. | ||
| 504 | _aببليوجرافية : صفحة 727-755. | ||
| 505 | 0 | _aالمحتويات : الفصل الأول : التعريف بابن عماد-الفصل الثاني : التعريف بكتاب توقيف الأحكام-الفصل الثالث : في موانع النكاح-الفصل الرابع : في تعيين الزوجين-الفصل الخامس : يشترط في الزوجة أن تكون معلومة الحل في حالة العقد-الفصل السادس : في الخصال المستحبة في المنكوحة ...-الفصل الخامس والأربعون : فيما يفسق به الشاهد وترد به شهادته ... وموضوعات أخرى. | |
| 650 | 7 |
_aالفقه الشافعي _2aucsh |
|
| 650 | 7 |
_aالزواج (فقه إسلامي) _2aucsh |
|
| 700 | 1 |
_aالجبلي، خالد بن زيد بن هذال _eمحقق. |
|
| 700 | 1 | 2 |
_iتحقيق لـ (عمل) : _aابن العماد، أحمد بن عماد بن يوسف، _d750-808 هجري. _tتوقيف الحكام على غوامض الأحكام. |
| 830 | 2 |
_aالرسائل الجامعية (دار ابن الجوزي للنشر والتوزيع) _v81 |
|
| 942 |
_2ddc _cBOOK _n0 |
||
| 949 |
_aSA-JeALM _d241123 _umohamedma123 _n1 |
||
| 999 |
_c2718 _d2718 |
||